Top 15 most streamed J. Cole songs - Statistics

General Stats
  • This quiz has been taken 176 times
  • The average score is 8 of 15
Answer Stats
Rank Streams Songs % Correct
1. 2,219,273,560 No Role Modelz
92%
3. 1,237,128,761 Wet Dreamz
85%
2. 1,279,391,846 MIDDLE CHILD
77%
4. 947,416,356 Work Out
68%
6. 624,755,556 She Knows
58%
10. 431,573,782 Love Yourz
55%
9. 433,665,944 m y . l i f e
48%
5. 627,399,855 Power Trip
48%
14. 363,488,425 KOD
44%
7. 553,955,101 G.O.M.D
40%
15. 314,782,245 Apparently
39%
13. 365,832,680 p r i d e . i s . t h e . d e v i l
39%
12. 399,214,046 Kevin’s Heart
35%
11. 407,904,384 Deja Vu
32%
8. 486,581,762 Neighbors
27%
No matching quizzes found
Score Distribution
Percent of People with Each Score
Percentile by Number Answered
Your Score History
You have not taken this quiz